LEADER 01471nam a2200289 4500 001 000000355415 003 CaOOAMICUS 005 20231107123910.0 008 230918s2020 it 000 u ita r 020 $a978-88-554-6237-2 040 $aSeMil$bita 100 1 $aCecchetto, Annamaria.$0(OLS)http://semarc/name/118286 245 10$aGesù secondo Pasolini :$bl'usignolo della Chiesa cattolica e il Vangelo secondo Matteo nella luce del sacro /$cAnnamaria Cecchetto. 264 1$a[Firenze] :$bPortoSeguro,$c2020. 300 $a361 p. ;$c21 cm 541 0 $aOmaggio mons. Mario Delpini (1O III 291) 650 4$aPasolini, Pier Paolo <1922-1975> - Opere - Studi.$0(OLS)http://semarc/subject/19963 650 4$aGesù Cristo - Letteratura.$0(OLS)http://semarc/subject/4703 650 4$aGesù Cristo - Cinema.$0(OLS)http://semarc/subject/28983 850 $aSeMil 852 $aSeMil$W1$xVenegono$y1$m1O III 291$j244186$B246682$CSeMilBibl$Z2$F246682 $81 941 1 $a7 961 $aOmaggio mons. Mario Delpini. ? Con dedica autografa dell?autrice (Annamaria Cecchetto) a mons. Mario Delpini (1° luglio 2023) 996 $6020$a978-88-554-6237-2$9(OLS)http://semarc/number/298896 996 $6245$aGesù secondo Pasolini :$bl'usignolo della Chiesa cattolica e il Vangelo secondo Matteo nella luce del sacro$9(OLS)http://semarc/title/445605 996 $6264$a[Firenze] :$bPortoSeguro$9(OLS)http://semarc/publisher/61257 LEADER 01096nam a2200253 i 4500 001 000000058736 003 CaOOAMICUS 005 20020708000000.0 008 020708s1972 it u000 u ita u 013 $a29908 040 $aSeMil$bita 100 1 $aRétif, Louis.$0(OLS)http://semarc/name/29963 240 10$aJ'ai vu naître l'église de demain.$0(OLS)http://semarc/title/91614 245 10$aHo visto nascere la Chiesa di domani /$cLouis Retif. 260 $aMilano :$bJaca Book,$ccopyr. 1972. 300 $a272 p. ;$c23 cm. 490 0 $aCronache alla prova. Chiesa e società : Serie periodiche ;$v35 650 4$aChiesa - Storia - Sec. 20.-21.$0(OLS)http://semarc/subject/686 830 0$aCronache alla prova. Chiesa e società. Serie periodiche ;$v35.$0(OLS)http://semarc/title/16822 850 $aSeMil 852 $aSeMil$W1$xVenegono$y1$m3E V 289$j24889$B24889$CSeMilBibl$Z2$F24892 $81 961 $aAcquisto: Jaca Book 996 $6245$aHo visto nascere la Chiesa di domani$9(OLS)http://semarc/title/91613 996 $6260$aMilano :$bJaca Book$9(OLS)http://semarc/publisher/29781